[Event "EUYCC 2024 U12"]
[Site "?"]
[Date "2024.08.05"]
[Round "1.11"]
[White "Janaszak, Amelia"]
[Black "Fadeev, Justin Michael"]
[Result "1-0"]
[BlackElo "1762"]
[WhiteElo "1424"]
[LiveChessVersion "1.4.8"]

1. e4 {[%clk 1:30:52]} e6 {[%clk 1:30:42]} 2. d4 {[%clk 1:30:57]} d5
{[%clk 1:31:11]} 3. Bd3 {[%clk 1:31:11]} c5 {[%clk 1:30:31]} 4. exd5
{[%clk 1:28:01]} Qxd5 {[%clk 1:27:23]} 5. Nc3 {[%clk 1:26:09]} Qxd4
{[%clk 1:22:24]} 6. Nf3 {[%clk 1:22:14]} Qd8 {[%clk 1:21:31]} 7. O-O
{[%clk 1:19:45]} Nf6 {[%clk 1:19:31]} 8. Bg5 {[%clk 1:16:06]} Be7
{[%clk 1:17:58]} 9. Re1 {[%clk 1:13:39]} O-O {[%clk 1:17:17]} 10. Qe2
{[%clk 1:10:02]} a6 {[%clk 1:03:29]} 11. Ne4 {[%clk 0:50:24]} Nbd7
{[%clk 0:50:02]} 12. c3 {[%clk 0:46:06]} Nd5 {[%clk 0:44:52]} 13. Bc1
{[%clk 0:45:20]} b6 {[%clk 0:40:15]} 14. Neg5 {[%clk 0:41:02]} N7f6
{[%clk 0:37:50]} 15. c4 {[%clk 0:38:02]} Nc7 {[%clk 0:35:33]} 16. Rd1
{[%clk 0:35:28]} Bd7 {[%clk 0:28:39]} 17. Ne5 {[%clk 0:31:23]} h6
{[%clk 0:27:33]} 18. Nh7 {[%clk 0:25:18]} Nxh7 {[%clk 0:22:35]} 19. Bxh7+
{[%clk 0:25:39]} Kxh7 {[%clk 0:22:46]} 20. Rxd7 {[%clk 0:25:42]} Qe8
{[%clk 0:19:09]} 21. Rxc7 {[%clk 0:23:57]} f6 {[%clk 0:18:43]} 22. Qd3+
{[%clk 0:18:49]} Kg8 {[%clk 0:18:26]} 23. Ng6 {[%clk 0:15:54]} Rd8
{[%clk 0:17:31]} 24. Nxe7+ {[%clk 0:13:50]} Qxe7 {[%clk 0:17:58]} 25. Rxe7
{[%clk 0:13:48]} Rxd3 {[%clk 0:18:27]} 26. Be3 {[%clk 0:13:32]} Rfd8
{[%clk 0:18:55]} 27. g3 {[%clk 0:12:54]} R3d6 {[%clk 0:19:19]} 28. Ra7
{[%clk 0:11:59]} a5 {[%clk 0:19:42]} 29. h4 {[%clk 0:10:42]} Kf8 {[%clk 0:19:50]}
30. Kg2 {[%clk 0:09:44]} Kg8 {[%clk 0:18:40]} 31. Kf3 {[%clk 0:08:56]} Kh7
{[%clk 0:17:57]} 32. h5 {[%clk 0:09:06]} Kg8 {[%clk 0:18:22]} 33. Rb7
{[%clk 0:08:17]} Rc8 {[%clk 0:18:09]} 34. g4 {[%clk 0:08:00]} Ra8
{[%clk 0:18:31]} 35. a4 {[%clk 0:07:39]} Rc8 {[%clk 0:18:29]} 36. Ke2
{[%clk 0:07:15]} e5 {[%clk 0:18:20]} 37. Rd1 {[%clk 0:07:09]} Rcd8
{[%clk 0:18:38]} 38. Rxd6 {[%clk 0:07:32]} Rxd6 {[%clk 0:19:00]} 39. Kf3
{[%clk 0:07:30]} Kh7 {[%clk 0:18:40]} 40. Ke4 {[%clk 0:07:11]} Kg8
{[%clk 0:18:55]} 41. Kf5 {[%clk 0:07:01]} 1-0

[Event "EUYCC 2024 U12"]
[Site "?"]
[Date "2024.08.06"]
[Round "2.1"]
[White "Kopecny, Filip"]
[Black "Bilochenko, Matvii"]
[Result "0-1"]
[BlackElo "1800"]
[WhiteElo "2008"]
[LiveChessVersion "1.4.8"]

1. c4 {[%clk 1:30:55]} Nf6 {[%clk 1:30:53]} 2. Nc3 {[%clk 1:31:17]} g6
{[%clk 1:31:11]} 3. d4 {[%clk 1:31:39]} Bg7 {[%clk 1:31:34]} 4. Nf3
{[%clk 1:32:02]} O-O {[%clk 1:31:53]} 5. Bg5 {[%clk 1:32:27]} d6 {[%clk 1:31:33]}
6. e3 {[%clk 1:32:44]} Nbd7 {[%clk 1:31:33]} 7. Be2 {[%clk 1:32:50]} c6
{[%clk 1:31:19]} 8. O-O {[%clk 1:32:32]} Re8 {[%clk 1:30:46]} 9. Qc2
{[%clk 1:31:51]} e5 {[%clk 1:28:41]} 10. Rad1 {[%clk 1:32:03]} Qe7
{[%clk 1:25:00]} 11. Rfe1 {[%clk 1:28:44]} h6 {[%clk 1:23:19]} 12. Bh4
{[%clk 1:29:00]} e4 {[%clk 1:20:54]} 13. Nd2 {[%clk 1:28:38]} g5 {[%clk 1:19:05]}
14. Bg3 {[%clk 1:29:01]} Nf8 {[%clk 1:15:19]} 15. Nb3 {[%clk 1:00:03]} Ng6
{[%clk 1:10:55]} 16. h3 {[%clk 0:48:30]} h5 {[%clk 1:09:07]} 17. Nd2
{[%clk 0:41:55]} Bd7 {[%clk 1:03:47]} 18. b4 {[%clk 0:40:52]} Bf5
{[%clk 0:59:37]} 19. Nb3 {[%clk 0:40:14]} h4 {[%clk 0:55:31]} 20. Bh2
{[%clk 0:39:44]} g4 {[%clk 0:53:44]} 21. d5 {[%clk 0:31:20]} gxh3
{[%clk 0:34:59]} 22. dxc6 {[%clk 0:31:23]} Ng4 {[%clk 0:30:50]} 23. Bxg4
{[%clk 0:19:55]} Bxg4 {[%clk 0:29:34]} 24. Rd5 {[%clk 0:13:31]} bxc6
{[%clk 0:28:09]} 25. Ra5 {[%clk 0:13:37]} f5 {[%clk 0:26:07]} 26. Nd4
{[%clk 0:09:03]} Bxd4 {[%clk 0:23:45]} 27. exd4 {[%clk 0:09:19]} hxg2
{[%clk 0:22:30]} 28. Qd2 {[%clk 0:08:00]} h3 {[%clk 0:19:46]} 29. f3
{[%clk 0:06:22]} Nh4 {[%clk 0:18:43]} 0-1

[Event "EUYCC 2024 U12"]
[Site "?"]
[Date "2024.08.06"]
[Round "2.2"]
[White "Skytte, Robert"]
[Black "Petroff, Vlad"]
[Result "1/2-1/2"]
[BlackElo "1997"]
[WhiteElo "1866"]
[LiveChessVersion "1.4.8"]

1. e4 {[%clk 1:30:56]} c6 {[%clk 1:30:49]} 2. d4 {[%clk 1:31:20]} d5
{[%clk 1:31:14]} 3. exd5 {[%clk 1:31:47]} cxd5 {[%clk 1:31:38]} 4. c4
{[%clk 1:32:12]} Nf6 {[%clk 1:31:32]} 5. Nc3 {[%clk 1:32:33]} e6 {[%clk 1:31:48]}
6. c5 {[%clk 1:32:58]} Be7 {[%clk 1:30:37]} 7. Nf3 {[%clk 1:32:40]} O-O
{[%clk 1:22:07]} 8. Rb1 {[%clk 1:32:47]} b6 {[%clk 1:09:55]} 9. b4
{[%clk 1:32:42]} bxc5 {[%clk 1:09:19]} 10. bxc5 {[%clk 1:33:02]} Nc6
{[%clk 1:06:16]} 11. Bb5 {[%clk 1:31:46]} Bd7 {[%clk 1:03:26]} 12. Bxc6
{[%clk 1:29:26]} Bxc6 {[%clk 1:03:37]} 13. O-O {[%clk 1:29:44]} Rb8
{[%clk 0:57:52]} 14. Ne5 {[%clk 1:25:08]} Rxb1 {[%clk 0:51:42]} 15. Nxc6
{[%clk 1:22:52]} Rxc1 {[%clk 0:52:05]} 16. Qxc1 {[%clk 1:23:18]} Qc7
{[%clk 0:52:10]} 17. Nxe7+ {[%clk 1:23:01]} Qxe7 {[%clk 0:52:11]} 18. Qf4
{[%clk 1:16:02]} Rc8 {[%clk 0:45:08]} 19. Nb5 {[%clk 1:13:06]} Ne8
{[%clk 0:39:27]} 20. Rb1 {[%clk 1:06:14]} h6 {[%clk 0:36:30]} 21. Rb3
{[%clk 1:05:52]} e5 {[%clk 0:25:12]} 22. Qf5 {[%clk 1:05:17]} exd4
{[%clk 0:24:19]} 23. h3 {[%clk 1:01:42]} Rxc5 {[%clk 0:18:41]} 24. Nxd4
{[%clk 0:58:50]} Qc7 {[%clk 0:12:05]} 25. Rg3 {[%clk 0:58:39]} Nf6
{[%clk 0:05:22]} 26. Nb3 {[%clk 0:55:37]} Rc3 {[%clk 0:05:12]} 27. Rxc3
{[%clk 0:48:58]} Qxc3 {[%clk 0:05:38]} 28. Qf4 {[%clk 0:49:03]} Qe1+
{[%clk 0:04:35]} 29. Kh2 {[%clk 0:49:13]} Qe7 {[%clk 0:04:51]} 30. Nd4
{[%clk 0:48:26]} g6 {[%clk 0:01:34]} 31. Nc6 {[%clk 0:45:38]} Qe6
{[%clk 0:01:29]} 32. Nxa7 {[%clk 0:44:08]} Kg7 {[%clk 0:01:46]} 33. Nb5
{[%clk 0:43:50]} Qa6 {[%clk 0:01:10]} 34. Nc3 {[%clk 0:43:54]} Qa3
{[%clk 0:00:58]} 35. Qe5 {[%clk 0:43:35]} Qa8 {[%clk 0:00:37]} 36. Nb5
{[%clk 0:42:17]} Qxa2 {[%clk 0:00:34]} 37. Nc7 {[%clk 0:42:12]} Qa4
{[%clk 0:00:46]} 38. Nxd5 {[%clk 0:42:06]} Qc6 {[%clk 0:01:07]} 39. Nxf6
{[%clk 0:42:10]} Qxf6 {[%clk 0:01:35]} 40. Qxf6+ {[%clk 0:42:26]} Kxf6
{[%clk 0:02:00]} 41. Kg3 {[%clk 0:42:45]} Ke5 {[%clk 0:02:04]} 42. Kf3
{[%clk 0:43:01]} f5 {[%clk 0:01:44]} 43. Ke3 {[%clk 0:42:54]} g5 {[%clk 0:01:12]}
44. Kf3 {[%clk 0:42:29]} h5 {[%clk 0:00:51]} 45. g3 {[%clk 0:42:06]} g4+
{[%clk 0:00:32]} 46. hxg4 {[%clk 0:41:45]} hxg4+ {[%clk 0:00:53]} 47. Ke3
{[%clk 0:42:07]} f4+ {[%clk 0:01:09]} 48. Kd3 {[%clk 0:41:50]} fxg3
{[%clk 0:01:30]} 49. fxg3 {[%clk 0:42:15]} Kd5 {[%clk 0:01:56]} 1/2-1/2

[Event "EUYCC 2024 U12"]
[Site "?"]
[Date "2024.08.06"]
[Round "2.3"]
[White "Corral Nehama, Leo"]
[Black "Vancakova, Veronika"]
[Result "1-0"]
[BlackElo "1776"]
[WhiteElo "1984"]
[LiveChessVersion "1.4.8"]

1. e4 {[%clk 1:30:30]} d6 {[%clk 1:30:51]} 2. d4 {[%clk 1:30:35]} Nf6
{[%clk 1:31:14]} 3. Nc3 {[%clk 1:30:06]} g6 {[%clk 1:31:36]} 4. Bg5
{[%clk 1:30:03]} Bg7 {[%clk 1:31:47]} 5. e5 {[%clk 1:29:52]} dxe5
{[%clk 1:32:03]} 6. dxe5 {[%clk 1:30:20]} Ng4 {[%clk 1:31:08]} 7. Qxd8+
{[%clk 1:30:20]} Kxd8 {[%clk 1:31:15]} 8. O-O-O+ {[%clk 1:28:12]} Bd7
{[%clk 1:26:50]} 9. e6 {[%clk 1:27:38]} fxe6 {[%clk 1:22:44]} 10. Ne4
{[%clk 1:24:25]} Ke8 {[%clk 1:12:41]} 11. Nh3 {[%clk 1:07:15]} b6
{[%clk 0:48:53]} 12. Bc4 {[%clk 0:50:38]} Ne5 {[%clk 0:45:10]} 13. Rxd7
{[%clk 0:48:16]} Nbxd7 {[%clk 0:36:02]} 14. Bxe6 Nf8 {[%clk 0:31:00]} 15. Bb3
{[%clk 0:45:57]} h6 {[%clk 0:26:27]} 16. Bd2 {[%clk 0:40:43]} Nf7
{[%clk 0:19:59]} 17. Bd5 {[%clk 0:36:51]} Rd8 {[%clk 0:16:51]} 18. Bc6+
{[%clk 0:37:19]} Nd7 {[%clk 0:17:05]} 19. Nf4 {[%clk 0:36:40]} Nfe5
{[%clk 0:16:36]} 20. Ba4 {[%clk 0:30:34]} b5 {[%clk 0:11:37]} 21. Bxb5
{[%clk 0:28:21]} Kf7 {[%clk 0:11:52]} 22. Bc3 {[%clk 0:24:40]} g5
{[%clk 0:04:19]} 23. Nh5 {[%clk 0:21:45]} Bf6 {[%clk 0:04:13]} 24. Re1
{[%clk 0:21:12]} Kg6 {[%clk 0:03:02]} 25. f4 {[%clk 0:15:18]} Ng4
{[%clk 0:00:51]} 26. Neg3 {[%clk 0:06:21]} Nxh2 {[%clk 0:00:32]} 27. Bc4
{[%clk 0:06:17]} Ng4 {[%clk 0:00:40]} 28. f5+ {[%clk 0:05:28]} Kh7
{[%clk 0:00:46]} 29. Nxf6+ {[%clk 0:05:45]} Ngxf6 {[%clk 0:00:37]} 30. Rxe7#
{[%clk 0:06:00]} 1-0

[Event "EUYCC 2024 U12"]
[Site "?"]
[Date "2024.08.06"]
[Round "2.4"]
[White "Moravcik, Alex"]
[Black "Kala, Jakub"]
[Result "0-1"]
[BlackElo "1949"]
[WhiteElo "1762"]
[LiveChessVersion "1.4.8"]

1. e4 {[%clk 1:30:48]} c6 {[%clk 1:30:47]} 2. d4 {[%clk 1:31:11]} d5
{[%clk 1:31:11]} 3. Nc3 {[%clk 1:31:33]} dxe4 {[%clk 1:31:33]} 4. Nxe4
{[%clk 1:31:44]} Bf5 {[%clk 1:31:49]} 5. Ng3 {[%clk 1:32:05]} Bg6
{[%clk 1:32:05]} 6. h4 {[%clk 1:31:39]} h6 {[%clk 1:32:28]} 7. Nf3
{[%clk 1:31:36]} Nd7 {[%clk 1:32:24]} 8. h5 {[%clk 1:31:11]} Bh7 {[%clk 1:32:45]}
9. Bd3 {[%clk 1:31:21]} Bxd3 {[%clk 1:33:05]} 10. Qxd3 {[%clk 1:31:43]} Ngf6
{[%clk 1:32:07]} 11. Bd2 {[%clk 1:30:25]} e6 {[%clk 1:30:51]} 12. O-O-O
{[%clk 1:28:04]} Bd6 {[%clk 1:26:30]} 13. Ne4 {[%clk 1:24:03]} Nxe4
{[%clk 1:25:07]} 14. Qxe4 {[%clk 1:24:21]} Nf6 {[%clk 1:25:27]} 15. Qe2
{[%clk 1:24:44]} Qc7 {[%clk 1:23:26]} 16. Kb1 {[%clk 1:23:41]} O-O-O
{[%clk 1:21:05]} 17. c4 {[%clk 1:21:29]} Kb8 {[%clk 1:18:22]} 18. Bc3
{[%clk 1:20:14]} Rhe8 {[%clk 1:10:54]} 19. Ne5 {[%clk 1:12:40]} Re7
{[%clk 1:00:26]} 20. f4 {[%clk 1:09:08]} Nd7 {[%clk 0:51:26]} 21. g3
{[%clk 1:04:56]} Ka8 {[%clk 0:41:57]} 22. Rhe1 {[%clk 0:56:54]} Nb8
{[%clk 0:39:03]} 23. Qg4 {[%clk 0:49:42]} f5 {[%clk 0:24:31]} 24. Qe2
{[%clk 0:47:43]} Bxe5 {[%clk 0:24:06]} 25. Qxe5 {[%clk 0:45:51]} Qxe5
{[%clk 0:24:13]} 26. Rxe5 {[%clk 0:46:04]} Nd7 {[%clk 0:24:17]} 27. Re3
{[%clk 0:43:14]} Nf6 {[%clk 0:22:24]} 28. Rh1 {[%clk 0:43:07]} Ne4
{[%clk 0:21:20]} 29. Kc2 {[%clk 0:42:42]} b6 {[%clk 0:18:55]} 30. Rhe1
{[%clk 0:39:36]} Rg8 {[%clk 0:14:18]} 31. Rxe4 {[%clk 0:27:00]} fxe4
{[%clk 0:14:37]} 32. Rxe4 {[%clk 0:27:26]} Ree8 {[%clk 0:09:49]} 33. Re3
{[%clk 0:25:15]} Kb7 {[%clk 0:03:39]} 34. Kc1 {[%clk 0:18:10]} Kc7
{[%clk 0:03:08]} 35. Bb4 {[%clk 0:14:01]} Kd7 {[%clk 0:02:01]} 36. Re5
{[%clk 0:13:51]} a5 {[%clk 0:01:00]} 37. Ba3 {[%clk 0:14:02]} g6 {[%clk 0:00:58]}
38. b3 {[%clk 0:13:23]} gxh5 {[%clk 0:00:38]} 39. Rxh5 {[%clk 0:13:38]} Rg6
{[%clk 0:00:34]} 40. g4 {[%clk 0:07:42]} Reg8 {[%clk 0:00:34]} 41. f5
{[%clk 0:06:04]} exf5 {[%clk 0:00:45]} 42. Rxf5 {[%clk 0:05:50]} Rxg4
{[%clk 0:01:09]} 43. Rf7+ {[%clk 0:04:46]} Kc8 {[%clk 0:01:28]} 44. Bd6
{[%clk 0:04:20]} R8g7 {[%clk 0:01:33]} 45. Rf8+ Kd7 {[%clk 0:01:54]} 46. c5
{[%clk 0:04:08]} b5 {[%clk 0:01:09]} 47. Rf6 {[%clk 0:03:15]} R4g6
{[%clk 0:01:07]} 48. Rf8 {[%clk 0:03:21]} h5 {[%clk 0:00:50]} 49. Rh8
{[%clk 0:03:18]} Rg1+ {[%clk 0:01:07]} 50. Kc2 {[%clk 0:03:33]} Rh1
{[%clk 0:01:02]} 51. Kd3 {[%clk 0:03:16]} h4 {[%clk 0:00:42]} 52. Ra8
{[%clk 0:03:09]} Ke6 {[%clk 0:00:44]} 53. Re8+ {[%clk 0:03:31]} Kd7
{[%clk 0:00:39]} 54. Ra8 {[%clk 0:03:57]} Rhg1 {[%clk 0:00:35]} 55. Rh8
{[%clk 0:04:21]} R1g4 {[%clk 0:00:38]} 56. Rh6 {[%clk 0:04:07]} R7g6
{[%clk 0:00:41]} 57. Rh7+ {[%clk 0:04:30]} Ke6 {[%clk 0:00:33]} 58. Re7+
{[%clk 0:04:54]} Kf5 {[%clk 0:00:39]} 59. Re5+ {[%clk 0:04:58]} Kf6
{[%clk 0:00:37]} 60. Rh5 {[%clk 0:04:45]} R6g5 {[%clk 0:00:35]} 61. Rh7
{[%clk 0:04:37]} Rg6 {[%clk 0:00:31]} 62. Be7+ {[%clk 0:04:27]} Ke6
{[%clk 0:00:38]} 63. Bd6 {[%clk 0:02:29]} Kf5 {[%clk 0:00:39]} 64. Rh5+
{[%clk 0:02:14]} R6g5 {[%clk 0:00:36]} 65. Rh6 {[%clk 0:02:29]} Rg7
{[%clk 0:00:32]} 66. Be5 {[%clk 0:02:40]} R7g6 {[%clk 0:00:31]} 67. Rh5+
{[%clk 0:02:53]} Ke6 {[%clk 0:00:56]} 68. Bd6 {[%clk 0:02:42]} Rf6
{[%clk 0:00:51]} 69. Ke3 {[%clk 0:01:57]} a4 {[%clk 0:00:45]} 70. bxa4
{[%clk 0:01:46]} bxa4 {[%clk 0:01:12]} 71. Rh7 {[%clk 0:01:44]} Kd5
{[%clk 0:01:14]} 72. Be5 {[%clk 0:01:24]} Re4+ {[%clk 0:01:33]} 73. Kd3
{[%clk 0:01:28]} Rf3+ {[%clk 0:01:57]} 74. Kd2 {[%clk 0:01:51]} h3
{[%clk 0:01:43]} 75. Rg7 {[%clk 0:01:28]} Kc4 {[%clk 0:01:10]} 76. Rg1
{[%clk 0:01:24]} Rd3+ {[%clk 0:01:23]} 77. Kc1 {[%clk 0:01:28]} Re2
{[%clk 0:00:50]} 78. Kb1 {[%clk 0:00:31]} Rdd2 {[%clk 0:00:42]} 79. Rc1+
{[%clk 0:00:51]} Kd5 {[%clk 0:00:41]} 80. Rg1 {[%clk 0:00:59]} Rb2+
{[%clk 0:01:05]} 81. Ka1 {[%clk 0:01:14]} Rxa2+ {[%clk 0:01:29]} 82. Kb1
{[%clk 0:01:40]} Reb2+ {[%clk 0:01:50]} 83. Kc1 {[%clk 0:02:04]} Ra1+
{[%clk 0:02:07]} 0-1

[Event "EUYCC 2024 U12"]
[Site "?"]
[Date "2024.08.06"]
[Round "2.5"]
[White "Meszaros-Csonka, David"]
[Black "Janaszak, Amelia"]
[Result "1-0"]
[BlackElo "1424"]
[WhiteElo "1932"]
[LiveChessVersion "1.4.8"]

1. d4 {[%clk 1:30:24]} Nf6 {[%clk 1:30:22]} 2. Bf4 {[%clk 1:30:21]} g6
{[%clk 1:30:00]} 3. Nc3 {[%clk 1:30:21]} Bg7 {[%clk 1:28:09]} 4. e4
{[%clk 1:30:12]} d6 {[%clk 1:27:46]} 5. Qd2 {[%clk 1:30:00]} Nc6 {[%clk 1:25:09]}
6. O-O-O {[%clk 1:27:07]} a6 {[%clk 1:18:38]} 7. Bh6 {[%clk 1:19:34]} O-O
{[%clk 1:14:07]} 8. f3 {[%clk 1:16:14]} b5 {[%clk 1:08:59]} 9. h4
{[%clk 1:11:41]} b4 {[%clk 0:58:24]} 10. Nd5 {[%clk 1:02:50]} e6 {[%clk 0:48:30]}
11. Bxg7 {[%clk 0:57:26]} Kxg7 {[%clk 0:48:26]} 12. Nxb4 {[%clk 0:57:31]} Nxb4
{[%clk 0:48:06]} 13. Qxb4 {[%clk 0:57:53]} Bd7 {[%clk 0:43:50]} 14. Bd3
{[%clk 0:51:20]} a5 {[%clk 0:43:02]} 15. Qd2 {[%clk 0:51:17]} h5 {[%clk 0:42:04]}
16. Ne2 {[%clk 0:50:10]} Qb8 {[%clk 0:39:12]} 17. e5 {[%clk 0:30:50]} Nd5
{[%clk 0:36:41]} 18. g4 {[%clk 0:28:38]} hxg4 {[%clk 0:34:08]} 19. fxg4
{[%clk 0:27:46]} Rg8 {[%clk 0:26:53]} 20. h5 {[%clk 0:27:37]} gxh5
{[%clk 0:20:46]} 21. gxh5 {[%clk 0:24:16]} Kf8 {[%clk 0:18:05]} 22. h6
{[%clk 0:23:57]} Ke7 {[%clk 0:13:51]} 23. h7 {[%clk 0:23:56]} Rh8
{[%clk 0:13:25]} 24. Qg5+ {[%clk 0:24:21]} Ke8 {[%clk 0:12:17]} 25. Rdf1
{[%clk 0:24:35]} a4 {[%clk 0:08:50]} 26. Qg7 {[%clk 0:24:29]} Ke7
{[%clk 0:07:54]} 27. Rxf7+ {[%clk 0:24:37]} Kd8 {[%clk 0:07:45]} 28. Qxh8+
{[%clk 0:24:39]} Be8 {[%clk 0:07:36]} 29. Qxe8+ {[%clk 0:25:02]} 1-0

[Event "EUYCC 2024 U12"]
[Site "?"]
[Date "2024.08.06"]
[Round "2.7"]
[White "Sabou, Stefania Theodora"]
[Black "Fadeev, Justin Michael"]
[Result "1/2-1/2"]
[BlackElo "1762"]
[WhiteElo "1781"]
[LiveChessVersion "1.4.8"]

1. d4 {[%clk 1:30:56]} d5 {[%clk 1:30:54]} 2. c4 {[%clk 1:31:09]} e6
{[%clk 1:31:16]} 3. Nf3 {[%clk 1:31:15]} c6 {[%clk 1:29:04]} 4. Qc2
{[%clk 1:30:50]} Bd6 {[%clk 1:27:44]} 5. g3 {[%clk 1:30:08]} Nf6 {[%clk 1:23:46]}
6. Bg2 {[%clk 1:29:08]} O-O {[%clk 1:23:59]} 7. O-O {[%clk 1:29:21]} Ne4
{[%clk 1:23:35]} 8. Nc3 {[%clk 1:26:35]} f5 {[%clk 1:22:44]} 9. c5
{[%clk 1:24:10]} Bc7 {[%clk 1:21:26]} 10. Bf4 {[%clk 1:20:37]} Nd7
{[%clk 1:15:10]} 11. Rad1 {[%clk 1:15:37]} Ndf6 {[%clk 1:12:51]} 12. Bxc7
{[%clk 1:12:13]} Qxc7 {[%clk 1:12:38]} 13. Ne5 {[%clk 1:12:32]} Nxc5
{[%clk 1:07:44]} 14. Nxd5 exd5 {[%clk 1:06:20]} 15. Qxc5 {[%clk 1:12:42]} Ne4
{[%clk 1:05:16]} 16. Qc2 {[%clk 1:09:56]} Be6 {[%clk 1:03:45]} 17. e3
{[%clk 1:05:02]} a5 {[%clk 1:01:47]} 18. Nd3 {[%clk 1:00:01]} Qe7
{[%clk 0:54:04]} 19. Rc1 {[%clk 0:54:50]} g5 {[%clk 0:49:38]} 20. f4
{[%clk 0:50:36]} g4 {[%clk 0:47:31]} 21. Ne5 {[%clk 0:49:05]} Rf6
{[%clk 0:43:28]} 22. Bxe4 {[%clk 0:45:26]} dxe4 {[%clk 0:41:22]} 23. a3
{[%clk 0:45:39]} Bd5 {[%clk 0:39:29]} 24. Qc5 {[%clk 0:42:51]} Qd8
{[%clk 0:35:04]} 25. Ra1 {[%clk 0:40:59]} a4 {[%clk 0:33:29]} 26. Qb4
{[%clk 0:40:56]} b5 {[%clk 0:32:43]} 27. Rac1 {[%clk 0:40:39]} h5
{[%clk 0:32:27]} 28. Rc2 {[%clk 0:40:20]} h4 {[%clk 0:29:22]} 29. Rff2
{[%clk 0:38:24]} Rh6 {[%clk 0:28:21]} 30. Qc5 {[%clk 0:37:39]} Kg7
{[%clk 0:27:31]} 31. gxh4 {[%clk 0:36:29]} Ra6 {[%clk 0:22:10]} 32. Rg2
{[%clk 0:34:43]} Qxh4 {[%clk 0:21:19]} 33. Rce2 {[%clk 0:35:07]} Ra8
{[%clk 0:19:03]} 34. Qb6 {[%clk 0:33:59]} Qe7 {[%clk 0:19:14]} 35. Rc2
{[%clk 0:34:06]} Rc8 {[%clk 0:19:00]} 36. Qa6 {[%clk 0:33:21]} Qc7
{[%clk 0:18:18]} 37. Rc5 {[%clk 0:30:54]} Rb8 {[%clk 0:11:12]} 38. Rgc2
{[%clk 0:29:42]} Qb6 {[%clk 0:11:23]} 39. Qxb6 {[%clk 0:28:19]} Rxb6
{[%clk 0:11:52]} 40. Nd7 {[%clk 0:26:03]} Ra6 {[%clk 0:11:30]} 41. Nb8
{[%clk 0:25:47]} Rb6 {[%clk 0:11:46]} 42. Nd7 {[%clk 0:26:10]} Rb7
{[%clk 0:12:12]} 43. Ne5 {[%clk 0:26:29]} 1/2-1/2

[Event "EUYCC 2024 U12"]
[Site "?"]
[Date "2024.08.06"]
[Round "2.8"]
[White "Janouskova, Eliska"]
[Black "Bannoura, Daniel"]
[Result "1/2-1/2"]
[BlackElo "1483"]
[WhiteElo "1672"]
[LiveChessVersion "1.4.8"]

1. e4 {[%clk 1:30:56]} c5 {[%clk 1:30:55]} 2. Nf3 {[%clk 1:30:13]} e6
{[%clk 1:30:28]} 3. b3 {[%clk 1:29:44]} Nc6 {[%clk 1:29:32]} 4. Bb2
{[%clk 1:29:31]} d6 {[%clk 1:28:45]} 5. Be2 {[%clk 1:28:06]} Nf6 {[%clk 1:28:23]}
6. d3 {[%clk 1:28:26]} e5 {[%clk 1:26:23]} 7. c4 {[%clk 1:24:28]} h6
{[%clk 1:24:18]} 8. Nc3 {[%clk 1:22:53]} Be6 {[%clk 1:21:43]} 9. O-O
{[%clk 1:19:26]} Qd7 {[%clk 1:19:28]} 10. Qd2 {[%clk 1:13:09]} Be7
{[%clk 1:17:37]} 11. Rfe1 {[%clk 1:11:20]} a6 {[%clk 1:16:28]} 12. Rad1
{[%clk 1:06:58]} Bd8 {[%clk 1:11:26]} 13. Nd5 {[%clk 1:02:40]} Bxd5
{[%clk 1:10:39]} 14. exd5 {[%clk 1:00:56]} Nd4 {[%clk 1:09:31]} 15. Nxd4
{[%clk 0:59:57]} cxd4 {[%clk 1:09:46]} 16. Bf3 {[%clk 0:57:44]} O-O
{[%clk 1:08:54]} 17. b4 {[%clk 0:55:31]} b5 {[%clk 1:05:12]} 18. c5
{[%clk 0:51:19]} dxc5 {[%clk 1:03:30]} 19. bxc5 {[%clk 0:50:10]} Rc8
{[%clk 1:03:02]} 20. Rxe5 {[%clk 0:48:51]} Rxc5 {[%clk 1:01:08]} 21. Ba3
{[%clk 0:48:08]} Bb6 {[%clk 0:58:35]} 22. Bxc5 {[%clk 0:46:49]} Bxc5
{[%clk 0:58:48]} 23. Rc1 {[%clk 0:44:09]} Qd6 {[%clk 0:58:05]} 24. Re2
{[%clk 0:42:32]} Bb4 {[%clk 0:55:50]} 25. Qd1 {[%clk 0:39:11]} Bc3
{[%clk 0:56:06]} 26. Qb3 {[%clk 0:35:57]} Rc8 {[%clk 0:55:31]} 27. g3
{[%clk 0:30:53]} Kh7 {[%clk 0:55:35]} 28. Be4+ {[%clk 0:24:09]} g6
{[%clk 0:55:18]} 29. Rcc2 {[%clk 0:20:42]} 1/2-1/2

[Event "EUYCC 2024 U12"]
[Site "?"]
[Date "2024.08.06"]
[Round "2.9"]
[White "Dabrowska, Ewa"]
[Black "Duchatel, Cyrielle"]
[Result "1-0"]
[BlackElo "1636"]
[WhiteElo "1515"]
[LiveChessVersion "1.4.8"]

1. e4 {[%clk 1:30:58]} c5 {[%clk 1:30:30]} 2. Nf3 {[%clk 1:31:21]} e6
{[%clk 1:30:31]} 3. c3 {[%clk 1:31:43]} Nc6 {[%clk 1:30:09]} 4. d4
{[%clk 1:32:02]} cxd4 {[%clk 1:27:22]} 5. cxd4 {[%clk 1:32:12]} Nf6
{[%clk 1:26:24]} 6. Nc3 {[%clk 1:31:42]} Bb4 {[%clk 1:25:09]} 7. Bd3
{[%clk 1:28:37]} b6 {[%clk 1:19:04]} 8. Bg5 {[%clk 1:23:55]} h6 {[%clk 1:17:31]}
9. Bh4 {[%clk 1:23:00]} g5 {[%clk 1:08:23]} 10. Bg3 {[%clk 1:20:48]} Bb7
{[%clk 1:05:50]} 11. O-O {[%clk 1:16:16]} g4 {[%clk 1:04:01]} 12. Nd2
{[%clk 1:02:02]} h5 {[%clk 0:55:43]} 13. Bh4 {[%clk 0:57:47]} Be7
{[%clk 0:55:42]} 14. e5 {[%clk 0:48:43]} Nh7 {[%clk 0:55:21]} 15. Bxe7
{[%clk 0:48:20]} Qxe7 {[%clk 0:55:32]} 16. Nde4 {[%clk 0:46:14]} Kd8
{[%clk 0:53:41]} 17. Qa4 {[%clk 0:41:02]} Ng5 {[%clk 0:52:17]} 18. Ba6
{[%clk 0:37:08]} Bxa6 {[%clk 0:52:01]} 19. Qxa6 {[%clk 0:37:20]} Nxd4
{[%clk 0:50:43]} 20. Qb7 {[%clk 0:36:28]} Ngf3+ {[%clk 0:48:49]} 21. Kh1
{[%clk 0:33:20]} Qh4 {[%clk 0:47:48]} 22. h3 {[%clk 0:32:29]} gxh3
{[%clk 0:44:55]} 23. g3 {[%clk 0:29:53]} Qg4 {[%clk 0:44:29]} 24. Qxa8+
{[%clk 0:28:54]} Ke7 {[%clk 0:44:36]} 25. Qxh8 {[%clk 0:28:58]} Nxe5
{[%clk 0:42:49]} 26. Qf6+ {[%clk 0:26:09]} Kf8 {[%clk 0:43:11]} 27. Qd8+
{[%clk 0:25:54]} Kg7 {[%clk 0:43:21]} 28. Qg5+ {[%clk 0:26:05]} Qxg5
{[%clk 0:43:35]} 29. Nxg5 {[%clk 0:26:22]} 1-0